KOHA-Header-6

Managing Finances (Record no. 9798)

000 -LEADER
fixed length control field 00263nam a2200109Ia 4500
100 ## - MAIN ENTRY--AUTHOR NAME
Personal name Omar Mustafa Ansari
245 #0 - TITLE STATEMENT
Title Managing Finances
260 ## - PUBLICATION, DISTRIBUTION, ETC. (IMPRINT)
Place of publication Karachi
Name of publisher Petiwala Book
Year of publication 2000
300 ## - PHYSICAL DESCRIPTION
Number of Pages 740
942 ## - ADDED ENTRY ELEMENTS (KOHA)
Koha item type Books
Holdings
Withdrawn status Lost status Collection code Permanent Location Current Location Shelving location Date acquired Full call number Accession Number Koha item type
    Finance MAJU MAJU Shelf No.A44 2019-09-14 BD431 5767 Finance

Powered by Koha